Dostavba prieluky, Radlinského ulica, Bratislava

Salvato in:
Dettagli Bibliografici
Autore principale: Poliačiková, Daniela (Autore)
Altri autori: Závodný, Ľubomír (Relatore della tesi)
Natura: Manoscritto Libro
Lingua:slovacco
Pubblicazione: Bratislava 2022
Soggetti:
Accesso online:http://is.stuba.sk/zp/portal_zp.pl?podrobnosti=152605
Tags: Aggiungi Tag
Nessun Tag, puoi essere il primo ad aggiungerne!!

MARC

LEADER 00000ntm a22000003a 4500
001 stuzp90936
003 SK-STU
005 20221025104352.7
007 ta
008 150427s2015----xo-----f-mn---000-0-slo-d
040 |a STU  |b slo 
041 0 |a slo 
100 1 |a Poliačiková, Daniela  |u 051110  |4 aut  |U FAD Fakulta architektúry a dizajnu  |T FAD Ústav architektúry obytných budov  |X 99239  |U A1110  |Y 392  |7 99239 
242 0 1 |a Completion of the gap, Radlinska str., Bratislava  |y eng 
245 1 0 |a Dostavba prieluky, Radlinského ulica, Bratislava 
260 |c 2022  |a Bratislava 
650 4 |a denné centrum  |2 slo 
650 4 |a kaviareň  |2 slo 
650 4 |a komunitné  |2 slo 
650 4 |a senior  |2 eng 
650 4 |a day center  |2 eng 
650 4 |a communal  |2 eng 
700 1 |a Závodný, Ľubomír  |u 051110  |k Z1  |4 ths  |U FAD Fakulta architektúry a dizajnu  |T FAD Ústav architektúry obytných budov  |X 45410  |U A1110  |Y 392  |7 45410 
856 4 |u http://is.stuba.sk/zp/portal_zp.pl?podrobnosti=152605  |u https://opac.crzp.sk/?fn=detailBiblioForm&sid=62A48EA6D8C294D559C9B6542714